000047093 001__ 47093 000047093 005__ 20260129064621.0 000047093 0247_ $$2HSB$$a910007683 000047093 037__ $$aRWTH-CONV-007911 000047093 041__ $$aEnglish 000047093 1001_ $$0P:(DE-82)IDM00103$$aReusken, Arnold$$b0$$urwth 000047093 245__ $$aIntroduction to multigrid methods for elliptic boundary value problems$$cArnold Reusken$$hprint 000047093 260__ $$aAachen$$bRWTH Aachen, Institut für Geometrie und Praktische Mathematik$$c2008 000047093 300__ $$a40 S., graph. Darst. 000047093 3367_ $$0PUB:(DE-HGF)25$$2PUB:(DE-HGF)$$aPreprint$$bpreprint$$mpreprint 000047093 3367_ $$2ORCID$$aWORKING_PAPER 000047093 3367_ $$2DRIVER$$apreprint 000047093 3367_ $$2DataCite$$aOutput Types/Working Paper 000047093 3367_ $$028$$2EndNote$$aElectronic Article 000047093 3367_ $$2BibTeX$$aARTICLE 000047093 4900_ $$aBericht / Institut für Geometrie und Praktische Mathematik, RWTH Aachen$$v290 000047093 591__ $$aGermany 000047093 909CO $$ooai:publications.rwth-aachen.de:47093$$pVDB 000047093 9201_ $$0I:(DE-82)111710_20140620$$k111710$$lLehrstuhl für Numerische Mathematik$$x0 000047093 9201_ $$0I:(DE-82)110000_20140620$$k110000$$lFachgruppe Mathematik$$x1 000047093 961__ $$c2013-10-08$$x2009-04-29$$z2012-02-20 000047093 970__ $$ahsb910007683 000047093 980__ $$apreprint 000047093 980__ $$aI:(DE-82)111710_20140620 000047093 980__ $$aI:(DE-82)110000_20140620 000047093 980__ $$aVDB 000047093 980__ $$aUNRESTRICTED 000047093 980__ $$aConvertedRecord